Responses for Show #3994 - Thursday, January 3, 2002

Mark Lee game 3.

Contestants

[<< previous game]

Joel Zuercher, a college sports consultant originally from Philadelphia, Pennsylvania

Deborah Wood, a pet writer from Portland, Oregon

Mark Lee, a sales manager originally from Peoria, Illinois (whose 2-day cash winnings total $32,400)

[next game >>]

Jeopardy! Round responses

GENERAL INFORMATION
MAJOR LITERARY WORKS
CAPTAINS OF INDUSTRY
SERGEANTS OF SHOW BIZ
CORPORAL PUNISHMENT
"PRIVATE" PRACTICE
    $200 3
Texas

Joel
    $200 1
Great Expectations

Deborah
    $200 19
Bill Gates

Joel
    $200 24
(Joe) Friday

Mark
    $200 9
(Deborah: What is a whip?)

cane

DeborahJoel
    $200 2
private eye (private detective)

Joel
    $400 4
"Take Me Out To The Ball Game"

Joel
    $400 8
The Prophet

Joel
    $400 20
Getty

Joel
    $400 25
Sgt. Bilko

Mark
    $400 10
a rack

Deborah
    $400 11
privateer

Triple Stumper
    $600 5
Goliath

Mark
    $600 16
"The Metamorphosis"

Mark
    $600 21
Ted Turner

Mark
    $600 26
Louis Gossett Jr.

Mark
    $600 14
a cat-o-nine-tails

Deborah
    $600 12
Private Parts

Joel
    $800 6
(Deborah: What is letters?)

lists

DeborahJoel
    $800 17
William Makepeace Thackeray

Triple Stumper
    $800 22
DuPont

Joel
    $800 27
Preston

Deborah
    $800 28
a thumbscrew

Mark
    $800 13
private enterprise

Triple Stumper
    $1000 7
(Joel: What is 1989?)

1987

MarkJoel
    $1000 18
Ironweed

Triple Stumper
    $1,200 23
Rothschild

Joel
    $1000 29
(Alex: And that would be the infamous [*].)
[The end-of-round signal sounds.]

iron maiden

Triple Stumper
    $1000 15
Private Lives

Deborah

Scores at the first commercial break (after clue 15):

Mark Deborah Joel
$1,600 $1,200 $1,800

Scores at the end of the Jeopardy! Round:

Mark Deborah Joel
$4,800 $2,000 $4,400

Double Jeopardy! Round responses

BIRDS
(Alex: [*]. Dirty, rotten, stinking, filthy [*].)
PASS ME A MINT
TAKE A GANDER AT UGANDA
OSCAR-WINNING DIRECTORS
HISTORY IN ART
ACTION
    $400 1
a hummingbird

Joel
    $400 26
onions

Mark
    $400 2
English

Mark
    $400 9
Woody Allen

Mark
    $400 20
Hannibal

Mark
    $400 11
to nip

Deborah
    $800 5
a pelican

Deborah
    $800 27
coffee

Deborah
    $800 3
the (White) Nile

Mark
    $800 10
(Mark: Who is Martin Scorsese?)

Coppola

MarkJoel
    $800 21
the Civil War

Mark
    $800 13
(Deborah: What is a [*]?)
(Alex: Or, "to go shopping for butter". Why do you want to [*] it?)

churn

Deborah
    $2,000 6
a cardinal

Deborah
    $1200 28
chives

Mark
    $1200 4
Idi Amin

Deborah
    $1200 17
Billy Wilder

Triple Stumper
    $1200 22
Bligh

Mark
    $1200 14
(Alex: We've got to teach Jimmy some manners.)

wolf

Deborah
    $1600 7
an albatross

Mark
    $1600 29
garlic

Deborah
    $1600 8
(Joel: What is Luwande?)

Kampala

Joel
Triple Stumper
    $1600 18
Steven Soderbergh

Joel
    $1,600 23
Pocahontas

Mark
    $1600 15
spearhead

Joel
    $2000 12
the Adélie penguin

Triple Stumper
    $2000 30
a leek

Deborah
    $2000 25
(Alex: Minute to go now.)

Entebbe

Mark
    $2000 19
Barry Levinson

Joel
    $2000 24
(Mark: Who is Benedict Arnold?)
...
(Alex: Leading the British at that time, General [*].)

Cornwallis

Mark
Triple Stumper
    $2000 16
to aggravate

Triple Stumper

Scores at the end of the Double Jeopardy! Round:

Mark Deborah Joel
$12,800 $12,800 $9,200

[wagering suggestions for these scores]

Final Jeopardy! Round responses

FAMILIAR PHARASES
(Alex: Joel, what's the two-word term? What did you write down? That's not a two-word term. That's "question mark". Well, it's a two-word term. And, oh, boy, it cost you everything you had. Sorry about that.)
...
(Alex: Let's go to Deborah now. She had $12,800. She wrote down, "abominal snowmen". No. It's "abominable", but,
whoa. You were gutsy also, risked everything you had to wind up at $0.)
...
(Alex: Let's go to Mark Lee. He wrote down "What is [*]?" Deborah's saying you're right, and you know what? She's right, and you're right. So that means you add $12,800, to $25,600. Well done, young man.)
JoelWhat is ?
$9,200
DeborahWhat are Abominal snowmen??
$12,800
MarkWhat is Flying Saucer?
$12,800
flying saucers

Final scores:

Mark Deborah Joel
$25,600 $0 $0
3-day champion: $58,000 2nd place 3rd place

Game dynamics:

Coryat scores:

Mark Deborah Joel
$12,800 $12,000 $9,000
19 R
(including 1 DD),
2 W
14 R
(including 1 DD),
2 W
16 R
(including 1 DD),
2 W

Combined Coryat: $33,800

[game clues] [game scores] [suggest correction]

Game tape date: 2001-10-23
The J! Archive is created by fans, for fans. Scraping, republication, monetization, and malicious use prohibited; this site may use cookies and collect identifying information. See terms. The Jeopardy! game show and all elements thereof, including but not limited to copyright and trademark thereto, are the property of Jeopardy Productions, Inc. and are protected under law. This website is not affiliated with, sponsored by, or operated by Jeopardy Productions, Inc. Join the discussion at JBoard.tv.